Statistics for Vikings (TV Series) Quiz

Click here to take the quiz!

General Stats

  • This quiz has been taken 355 times
  • The average score is 19 of 43

Answer Stats

HintAnswer% Correct
The Most Famous BoatbuilderFloki
97%
Ragnar's SurnameLothbrok
91%
Bjorn's NicknameIronside
87%
Ragnar's Second Oldest SonUbbe
85%
Harold's Dream is to become King of All...Norway
81%
Town/ City where Ragnar becomes earl in Series 1Kattegat
79%
Monk Ragnar BefriendsAthelstan
70%
How Many Children Ragnar has in the TV Series6
67%
Ragnar's Second Youngest SonSigurd
67%
Ragnar's Second WifeAslaug
65%
Rollo's Relation to RagnarBrother
65%
The Land Discorvered by the BoatbuilderIceland
65%
First English Kingdom Ragnar Lands inNorthumbria
58%
Major English City Taken over by Ivar and the Sons of RagnarYork
51%
Who appears to all the sons of Ragnar after his deathOdin
50%
Actor who Portrays RagnarTravis Fimmel
50%
King of the First Kindom Ragnar Lands inKing Aelle
47%
The Sea that Bjorn Leads a Voyage toMediterranean
46%
Type of "Vikings" that Ivar Joins withRus
46%
Son of Ragnar's Monk Friend Who takes a Pilgramage to Rome and Becomes KingAlfred
45%
The Largest Kindom of EnglandMercia
45%
Harald Finehair's brother (Series Only- Historically a Son of Ragnar)Halfdan
43%
Country where most of the Series is FilmedIreland
43%
The Ancient One, Killed by IvarThe Seer
41%
Ragnar's "Son" in EnglandMagnus
38%
City Where Ivar Takes Refuge after losing his throneKiev
37%
Bjorns First Child's NameSiggy
36%
Ragnar's DaughterGyda
33%
The Sons of Ragnar Lead the "Great ... Army" against EnglandHeathen
33%
Lagertha's Same Sex Lover's NameAstrid
31%
Duke Rollo's WifeGisla
28%
Monasery Ragnar's Party RaidsLindisfarne
27%
When Largertha is Earl, She goes by the Name: Earl...Ingstad
26%
King before RagnarKing Horik
26%
The Wanderer's Name (Who Visits Ragnar's Second Wife)Harbard
25%
"And I Welcome the Valkyries to......."Summon me home
24%
The Usurper of Lagertha's Earldom and Lagertha's Lover was calledKalf
22%
Which town is Lagertha Earl ofHedeby
15%
The Tree Ragnar visits with young Bjorn is rumoured to be...Yggdrasil
14%
Actor who Portrays his First WifeKatherine Winnick
12%
What Do They Say Built the Castle at WinchesterGiants
9%
WHo Actually Built the Castle At WinchesterRomans
9%
"The Tudors" actor who's character has a relationship with LagerthaJonathan Rhys Meyers
6%

Score Distribution

Percentile by Number Answered

Percent of People with Each Score

Your Score History

You have not taken this quiz